Networked learning : the pedagogy of the internet

Αποθηκεύτηκε σε:
Λεπτομέρειες βιβλιογραφικής εγγραφής
Κύριος συγγραφέας: Haughey, Margaret
Άλλοι συγγραφείς: Anderson, Terry 1950-
Μορφή: Βιβλίο
Γλώσσα:English
Δημοσίευση: Montreal : Cheneliere, McGraw-Hill, 1998
Σειρά:Lifelong learning on the information highway
Θέματα:
Ετικέτες: Προσθήκη ετικέτας
Δεν υπάρχουν, Καταχωρήστε ετικέτα πρώτοι!

MARC

LEADER 00000nam a2200000 i 4500
001 1/4124
008 000524s1998 eng d
020 |a 2-89461-158-7 
035 |l 10061044 
040 |a GR-MY-UA  |b gre  |e aacr 
041 0 |a eng 
082 0 |a 371.334 
100 0 |a Haughey, Margaret. 
245 1 0 |a Networked learning :  |b the pedagogy of the internet /  |c Margaret Haughey, Terry Anderson 
260 |a Montreal :   |b Cheneliere,   |b McGraw-Hill,   |c 1998 
300 |a xii, 155 p.  |e 1 computer disk (3 1/2 in.) 
490 1 |a Lifelong learning on the information highway 
504 |a Includes bibliographical references 
650 0 0 |a Education  |x Data processing. 
650 0 0 |a Telematics in education. 
650 0 0 |a Internet in education. 
650 0 0 |a Teleconferencing in education. 
650 0 0 |a Electronic mail systems in education. 
700 1 |a Anderson, Terry  |d 1950- 
830 0 |a Lifelong learning on the information highway 
852 |a INST  |b CHIOS  |e 20000524  |h 371.334 HAU  |p 005200017611  |q 005200017611  |t BK  |y 0 
852 |a INST  |b CHIOS  |e 20000530  |h 371.334 HAU   |p 005200017612  |q 005200017612  |t BK  |y 0 
901 |a BIBL2-2000-2 
909 |a Χ  |b 077965 
909 |a Χ  |b 076096 
922 |a 2ΕΛΗ  |b 200005  |c ΤΔΕ  |d ΠΑΠΑΣΩΤΗΡΙΟΥ 
950 |a 112-1999-11-03 
970 |a ΣΠΕΝΤΖΑ  |b ΕΛΕΝΗ  |z 2000/05/30